Epidemiología básica

Збережено в:
Бібліографічні деталі
Автори: Beaglehole, Robert (Автор), Bonita, Ruth (Автор), Kjellström, Tord (Автор)
Формат: Книга
Мова:Іспанська
Опубліковано: Washington, D.C OPS 1994
Редагування:1a. ed
Серія:Publicación Científica, 551
Предмети:
Теги: Додати тег
Немає тегів, Будьте першим, хто поставить тег для цього запису!

MARC

LEADER 00000cam a2200000 a 4500
001 UCO7451
003 CL-VaPUC
008 001117e19940000US |||||||||||||||||spa|d
020 |a 9275315515 
082 0 4 |a 614.4  |b BEA  |2 21 
100 0 |a Beaglehole, Robert  |e author  |9 451941 
700 0 |a Bonita, Ruth  |e author  |9 451942 
700 0 |a Kjellström, Tord  |e author  |9 451943 
245 1 0 |a Epidemiología básica 
250 |a 1a. ed 
300 |a 186 p 
942 |c BK 
945 |d 20001117 00:00:00  |a cmena 
260 |a Washington, D.C  |b OPS  |c 1994 
650 0 |a Epidemiología   |9 271159 
650 0 |a Investigación científica  |9 259857 
650 0 |a Problemas sociales  |9 258537 
650 0 |a Enfermedades  |9 263059 
650 7 |a PROGRAMAS DE SALUD PUBLICA  |2 CL-VaPUC  |9 423795 
650 7 |a ENFERMEDADES TRANSMISIBLES  |2 CL-VaPUC  |9 271158 
650 0 |a Política gubernamental  |9 262286 
583 |a last modification  |c 20160913 10:31:39  |k Rodrigo Vera 
490 0 |a Publicación Científica, 551 
999 |c 292385  |d 292383 
952 |0 0  |1 0  |4 0  |6 614_400000000000000_BEA_1994  |7 0  |8 A  |9 343211  |a BIBCUR  |b BIBCUR  |d 2019-11-20  |i 3666859  |o 614.4 BEA 1994  |p 3666859  |r 2025-04-22  |w 2019-11-20  |y BK  |k KIN 
952 |0 0  |1 0  |4 0  |6 614_400000000000000_BEA_1994  |7 0  |8 A  |9 343212  |a BIBCUR  |b BIBCUR  |d 2019-11-20  |i 3666867  |o 614.4 BEA 1994  |p 3666867  |r 2025-04-22  |w 2019-11-20  |y BK  |k KIN 
952 |0 0  |1 0  |4 0  |6 614_400000000000000_BEA_1994  |7 0  |8 A  |9 343213  |a BIBCUR  |b BIBCUR  |d 2019-11-20  |i 3666875  |o 614.4 BEA 1994  |p 3666875  |r 2025-04-22  |w 2019-11-20  |y BK  |k KIN 
952 |0 0  |1 0  |4 0  |6 614_400000000000000_BEA_1994  |7 0  |8 A  |9 343214  |a BIBCUR  |b BIBCUR  |d 2019-11-20  |i 3666883  |o 614.4 BEA 1994  |p 3666883  |r 2025-04-22  |w 2019-11-20  |y BK  |k KIN 
952 |0 0  |1 0  |4 0  |6 614_400000000000000_BEA_1994  |7 0  |8 A  |9 343215  |a BIBCUR  |b BIBCUR  |d 2019-11-20  |i 3666891  |o 614.4 BEA 1994  |p 3666891  |r 2025-04-22  |w 2019-11-20  |y BK  |k KIN 
952 |0 0  |1 0  |4 0  |6 614_400000000000000_BEA_1994  |7 0  |8 A  |9 343216  |a BIBCUR  |b BIBCUR  |d 2019-11-20  |i 3666905  |o 614.4 BEA 1994  |p 3666905  |r 2025-04-22  |w 2019-11-20  |y BK  |k KIN 
952 |0 0  |1 0  |4 0  |6 614_400000000000000_BEA_1994  |7 0  |8 A  |9 343217  |a BIBCUR  |b BIBCUR  |d 2019-11-20  |i 3666913  |o 614.4 BEA 1994  |p 3666913  |r 2025-04-22  |w 2019-11-20  |y BK  |k KIN 
952 |0 0  |1 0  |4 0  |6 614_400000000000000_BEA_1994  |7 0  |8 A  |9 343218  |a BIBCUR  |b BIBCUR  |d 2019-11-20  |i 1088165  |o 614.4 BEA 1994  |p 1088165  |r 2025-04-22  |w 2019-11-20  |y BK  |k KIN 
952 |0 0  |1 0  |4 0  |6 614_400000000000000_BEA_1994  |7 0  |8 A  |9 343219  |a BIBCUR  |b BIBCUR  |d 2019-11-20  |i 1088173  |o 614.4 BEA 1994  |p 1088173  |r 2025-04-22  |w 2019-11-20  |y BK  |k KIN